<?xml version="1.0" encoding="UTF-8"?>
<record
    xmlns:xsi="http://www.w3.org/2001/XMLSchema-instance"
    xsi:schemaLocation="http://www.loc.gov/MARC21/slim http://www.loc.gov/standards/marcxml/schema/MARC21slim.xsd"
    xmlns="http://www.loc.gov/MARC21/slim">

  <leader>00477nam a22001817a 4500</leader>
  <controlfield tag="005">20230110103630.0</controlfield>
  <controlfield tag="008">221220b        |||||||| |||| 00| 0 eng d</controlfield>
  <datafield tag="020" ind1=" " ind2=" ">
    <subfield code="a">978-817164-146-8</subfield>
  </datafield>
  <datafield tag="041" ind1=" " ind2=" ">
    <subfield code="a">eng</subfield>
  </datafield>
  <datafield tag="082" ind1=" " ind2=" ">
    <subfield code="a">633  PRA -T</subfield>
  </datafield>
  <datafield tag="100" ind1=" " ind2=" ">
    <subfield code="a">PRASAD , Dr. RAJENDRA </subfield>
    <subfield code="9">3847</subfield>
  </datafield>
  <datafield tag="245" ind1=" " ind2=" ">
    <subfield code="a">TEXTBOOK OF FIELD CROP PRODUCTION COMMERCIAL CROPS -VOL-II</subfield>
  </datafield>
  <datafield tag="250" ind1=" " ind2=" ">
    <subfield code="a">1st ed. </subfield>
  </datafield>
  <datafield tag="260" ind1=" " ind2=" ">
    <subfield code="a">NEW DELHI </subfield>
    <subfield code="b">ICAR </subfield>
    <subfield code="c">2021</subfield>
  </datafield>
  <datafield tag="300" ind1=" " ind2=" ">
    <subfield code="a">612;P.</subfield>
  </datafield>
  <datafield tag="650" ind1=" " ind2=" ">
    <subfield code="a">AGRICULTURE</subfield>
    <subfield code="9">2837</subfield>
  </datafield>
  <datafield tag="942" ind1=" " ind2=" ">
    <subfield code="c">BK</subfield>
  </datafield>
  <datafield tag="999" ind1=" " ind2=" ">
    <subfield code="c">8137</subfield>
    <subfield code="d">8135</subfield>
  </datafield>
  <datafield tag="952" ind1=" " ind2=" ">
    <subfield code="0">0</subfield>
    <subfield code="1">0</subfield>
    <subfield code="4">0</subfield>
    <subfield code="7">0</subfield>
    <subfield code="8">REF</subfield>
    <subfield code="a">JRU</subfield>
    <subfield code="b">JRU</subfield>
    <subfield code="c">SHELF-2-A</subfield>
    <subfield code="d">2022-11-10</subfield>
    <subfield code="e">LOHIA BOOK INTERNATIONAL </subfield>
    <subfield code="g">800.00</subfield>
    <subfield code="l">0</subfield>
    <subfield code="o">633-PRA -T</subfield>
    <subfield code="p">27120</subfield>
    <subfield code="r">2022-12-20 00:00:00</subfield>
    <subfield code="w">2022-11-10</subfield>
    <subfield code="y">BK</subfield>
  </datafield>
  <datafield tag="952" ind1=" " ind2=" ">
    <subfield code="0">0</subfield>
    <subfield code="1">0</subfield>
    <subfield code="4">0</subfield>
    <subfield code="7">0</subfield>
    <subfield code="8">AGRICULTURE</subfield>
    <subfield code="a">JRU</subfield>
    <subfield code="b">JRU</subfield>
    <subfield code="c">SHELF-44-B</subfield>
    <subfield code="d">2022-11-10</subfield>
    <subfield code="e">LOHIA BOOK INTERNATIONAL </subfield>
    <subfield code="g">800.00</subfield>
    <subfield code="l">0</subfield>
    <subfield code="o">633-PRA -T</subfield>
    <subfield code="p">27121</subfield>
    <subfield code="r">2022-12-20 00:00:00</subfield>
    <subfield code="w">2022-11-10</subfield>
    <subfield code="y">BK</subfield>
  </datafield>
  <datafield tag="952" ind1=" " ind2=" ">
    <subfield code="0">0</subfield>
    <subfield code="1">0</subfield>
    <subfield code="4">0</subfield>
    <subfield code="7">0</subfield>
    <subfield code="8">AGRICULTURE</subfield>
    <subfield code="a">JRU</subfield>
    <subfield code="b">JRU</subfield>
    <subfield code="c">SHELF-44-B</subfield>
    <subfield code="d">2022-11-10</subfield>
    <subfield code="e">LOHIA BOOK INTERNATIONAL </subfield>
    <subfield code="g">800.00</subfield>
    <subfield code="l">2</subfield>
    <subfield code="m">1</subfield>
    <subfield code="o">633-PRA -T</subfield>
    <subfield code="p">27122</subfield>
    <subfield code="r">2024-07-01 10:18:53</subfield>
    <subfield code="s">2024-06-24</subfield>
    <subfield code="w">2022-11-10</subfield>
    <subfield code="y">BK</subfield>
  </datafield>
  <datafield tag="952" ind1=" " ind2=" ">
    <subfield code="0">0</subfield>
    <subfield code="1">0</subfield>
    <subfield code="4">0</subfield>
    <subfield code="7">0</subfield>
    <subfield code="8">AGRICULTURE</subfield>
    <subfield code="a">JRU</subfield>
    <subfield code="b">JRU</subfield>
    <subfield code="c">SHELF-44-B</subfield>
    <subfield code="d">2022-11-10</subfield>
    <subfield code="e">LOHIA BOOK INTERNATIONAL </subfield>
    <subfield code="g">800.00</subfield>
    <subfield code="l">0</subfield>
    <subfield code="o">633-PRA -T</subfield>
    <subfield code="p">27123</subfield>
    <subfield code="r">2022-12-20 00:00:00</subfield>
    <subfield code="w">2022-11-10</subfield>
    <subfield code="y">BK</subfield>
  </datafield>
  <datafield tag="952" ind1=" " ind2=" ">
    <subfield code="0">0</subfield>
    <subfield code="1">0</subfield>
    <subfield code="4">0</subfield>
    <subfield code="7">0</subfield>
    <subfield code="8">AGRICULTURE</subfield>
    <subfield code="a">JRU</subfield>
    <subfield code="b">JRU</subfield>
    <subfield code="c">SHELF-44-B</subfield>
    <subfield code="d">2022-11-10</subfield>
    <subfield code="e">LOHIA BOOK INTERNATIONAL </subfield>
    <subfield code="g">800.00</subfield>
    <subfield code="l">1</subfield>
    <subfield code="o">633-PRA -T</subfield>
    <subfield code="p">27124</subfield>
    <subfield code="r">2024-09-18 10:41:48</subfield>
    <subfield code="s">2024-09-02</subfield>
    <subfield code="w">2022-11-10</subfield>
    <subfield code="y">BK</subfield>
  </datafield>
</record>
